| 000 | 00383nam a2200145 i 4500 | ||
|---|---|---|---|
| 001 | bg | ||
| 100 | 1 |
_aŚciślewski, Zbigniew _d(1936-2005). |
|
| 245 | 1 | 0 |
_aKorozja i ochrona zbrojenia / _cZbigniew Ściślewski. |
| 250 | _aWyd.2 zm. i rozsz. | ||
| 260 |
_aWarszawa : _bArkady, _c1981. |
||
| 040 | _cBPK | ||
| 041 | _apol | ||
| 942 | _cKS | ||
| 008 | s pl f |000 0 pol | ||
| 999 |
_c19925 _d19925 |
||
| 856 |
_uhttp://koha.tu.koszalin.pl/cgi-bin/koha/opac-detail.pl?biblionumber=19925 _yKatalog online BPK |
||